Sears and Zemansky's university physics : with modern physics

Bibliographic Details
Main Author: Young, Hugh D
Other Authors: Freedman, Roger A
Format: Book
Published: San Francisco : Pearson Education,Inc. , 2004
Edition:11th ed
Subjects:

MARC

LEADER 00000cam a2200000 7i4500
001 0000083385
005 20040825.0
020 |a 0321204697 
090 0 0 |a 530   |b YOU 
100 1 |a Young, Hugh D 
245 1 0 |a Sears and Zemansky's university physics :   |b with modern physics   |c Hugh D. Young and Roger A. Freedman 
250 |a 11th ed 
260 |a San Francisco :   |b Pearson Education,Inc. ,   |c 2004 
300 |a 1714p. :   |b ill. ;   |c 26cm. 
650 0 0 |a Physics 
700 1 |a Freedman, Roger A 
999 |a 00171215   |b BUKU   |c RUJUKAN   |e PERPUSTAKAAN KOMUNITI PETALING JAYA 
999 |a 00176961   |b BUKU   |c RUJUKAN   |e PERPUSTAKAAN KOMUNITI PETALING JAYA